Регионална библиотека "Любен Каравелов" - Русе

Скритото знание (Запис номер 106553)

MARC детайли
000 -Лидер
Контролно поле с фиксирана дължина 01346nam a2200361 c 4500
003 - Код на организацията, давaща контролен номер
Контролно поле BLK
005 - Дата и час на последна редакция
Контролно поле 20240520120859.0
008 - Елементи от данни с фиксирана дължина
fixed length control field 180409b bul|||||r ||||||| ||bul||
010 ## - Наследен системен номер
LC control number KNG00111813000
020 ## - Международен стандартен номер на книга ISBN
Международен стандартен номер на книга ISBN 954-8945-77-0
-- издат.: Изток-Запад
040 ## - Източник на каталожния запис
Идентификатор на билиотеката - собственик на записа BLK
041 ## - Код за език
Код за езика на текст/звукозапис или на отделно заглавие Български
Код за езика КДБФ Български
080 ## - УДК
Текстов определител УДК Религии на хамитските народи
УДК код - определител по УДК 299.3
УДК определител (32)
УДК - код + определител 299.3(32)
100 1# - Редна дума - Автор
Автор Леков, Теодор Арсов
Авторска отговорност първи автор
R(LIN) 369079
139 ## - Редно поле
Редна дума Леков, Теодор Арсов
Авторски знак Леко - Л 42
245 10 - Сведения за заглавието
Заглавие Скритото знание
Подзаглавни данни Свещените кн. на Древен Египет
Редно поле (дума) Теодор Арсов Леков.
257 ## - Страна на издаване
Страна на създаване/издаване България
260 ## - Област на издателските данни
-- София
Име на издателя, разпространителя и проч. Изток-Запад
Година на издаване 2004
300 ## - Физическа характеристика
Страници 544 с. ; 1 л.
Илюстрации и др. к.
Размери/Мащаб 23 см
Съпровождащи материали к. : 1л.
380 ## - Жанр
Жанр Религия. Теология
500 ## - Общи забележки
Забележка Офс. изд. - Съдържа и Хронологична табл. ; Индекс.
650 #4 - Допълнително описание по предмет – тема
Основно описание – тема или топоним Религии - Древен Египет
9 (RLIN) 253930
653 ## - Ключова дума – ненормативна
Ключова дума Древен Египет
653 ## - Ключова дума – ненормативна
Ключова дума религии
653 ## - Ключова дума – ненормативна
Ключова дума литература
653 ## - Ключова дума – ненормативна
Ключова дума история
852 ## - Местоположение
Форматна сигнатура Цб 218645
856 4# - Електронен адрес и достъп
Електронен формат pdf - файл
Път до файла /url/
856 4# - Електронен адрес и достъп
Електронен формат pdf - файл
Път до файла /url/
942 ## - АРТИКУЛИ
Вид на библиотечния материал Книги
Скрит в OPAC Не
Koha issues (borrowed), all copies 10
944 ## - СЪЗДАВАНЕ И РЕДАКЦИЯ на ЗАПИСА
Създаване/Редакция Създаване
Дата на регистрацията/редакция 19.03.2004
Служител, извършил регистрацията/редакцията 30530
Статус, дата на статуса Минев Младен
944 ## - СЪЗДАВАНЕ И РЕДАКЦИЯ на ЗАПИСА
Създаване/Редакция Редакция
Дата на регистрацията/редакция 07.06.2005
Служител, извършил регистрацията/редакцията
999 ## - СИСТЕМНИ КОНТРОЛНИ НОМЕРА
Koha biblionumber 106553
Koha biblioitemnumber 106553
Наличности
Код за отписване Код за изгубен артикул Код за повреда Коз за рестрикции Код за отдаване Артикулен № Име на библиотеката - собственик Име на библиотеката, в която се намира в момента Статус (Текущо местоположение) Дата на вписване в системата Местоположение - отдел Цена в лева Инвентарен номер Систематично азбучна сигнатура Баркод Номер на екземпляра Цена в евро Служебна бележка Служебен тип на артикула
  Не е изгубен Не е повреден без рестрикции заемане за дома 171805 Регионална библиотека "Любен Каравелов" Русе Регионална библиотека "Любен Каравелов" Русе Заемна - подръчен фонд 2004-03-19 Заемна - подръчен фонд 20.00 120000683795 П 29/Л 42 120000683795 1 10.23 Дост: Pk Вид: Ф N: 8866 Дата: 16.03.2004 Дата инв: 02.02.2018 Бележки инв: П2018 Книги
  Не е изгубен Не е повреден без рестрикции ползва се в читалня 171806 Регионална библиотека "Любен Каравелов" Русе Регионална библиотека "Любен Каравелов" Русе Хранилище 2005-05-18 Хранилище 20.00 120000694304 Цб 218645 120000694304 2 10.23 Дост: Dp Вид: Д N: 27 Дата: 23.06.2004 Книги
Vip Innovations Ltd, Rousse, Bulgaria 2025